000 00793nam a2200145Ia 4500
008 090122s9999 xx 000 0 und d
082 _b3598
_a333.91
100 _aशिंदे
_bअण्णासाहेब
245 _aमहाराष्ट्रातील दुष्काळ आणि जलसंपत्तीचे नियोजन परिसंवाद
600 _aशिंदे
630 _aमहाराष्ट्रातील दुष्काळ आणि जलसंपत्तीचे नियोजन परिसंवाद
700 _aशिंदे
730 _aमहाराष्ट्रातील दुष्काळ आणि जलसंपत्तीचे नियोजन परिसंवाद
942 _cBOOK
999 _c27676
_d27676